| 000 | nam a22 7a 4500 | ||
|---|---|---|---|
| 999 |
_c234195 _d234195 |
||
| 003 | Nust | ||
| 005 | 20170315124024.0 | ||
| 008 | 170315b xxu||||| |||| 00| 0 eng d | ||
| 020 | _a978-14-0880427-8 | ||
| 040 | _cDLC | ||
| 082 |
_a823.914 _bSHA |
||
| 245 |
_aBurnt Shadows _cKamila Shamsie |
||
| 260 |
_aLondon _bBloomsbury, _c2009 |
||
| 942 |
_2ddc _cBK |
||